| 000 | 02168nam a2200301 a 4500 | ||
|---|---|---|---|
| 001 | 000017144 | ||
| 003 | DO-SdBNP | ||
| 005 | 20240305103442.0 | ||
| 008 | 091013s2007 dr 001 0 spa d | ||
| 020 | _a9789945861327 | ||
| 040 |
_aDO-SdBNP _bspa _cBNPHU |
||
| 082 |
_aRD860.409 _bI37d, 2007 |
||
| 100 | 1 |
_aIncháustegui Cabral, Héctor, _d1912-1979 _921024 |
|
| 245 | 1 | 0 |
_aDe literatura dominicana siglo veinte / _cHéctor Incháustegui Cabral ; presentación Daniel Toribio. |
| 260 |
_aSanto Domingo : _bBanReservas: _bSociedad Dominicana de Bibliófilos, _c2007. |
||
| 300 |
_a434 p. ; _c19 cm. |
||
| 490 | 1 |
_aBibliófilos-BanReservas _v2 |
|
| 500 | _aIncluye índice de nombres. | ||
| 504 | _aBibliografía: p. 374-401 | ||
| 505 | 0 |
_tPresentación / _rDaniel Toribio -- _tExordio / _rMariano Mella -- _tDe literatura dominicana siglo veinte / _rAndrés L. Mateo -- _tLas ciegas esperanzas -- _tEl tiempo, la muerte y la poesía -- _tLa puerta abierta -- Los árboles y el bosque -- _tLa esfinge de sal - _tEl pez rojo -- _tLa mancha en el lavado -- _tLa araña sobre la tela rota -- _tCartas a Sergio -- _tEnsayos sobre temas diversos -- _tLa angustia de la patria en Deligne -- _tLa ciudad como novela -- _tVida y novela -- _tPoesía y poetas -- _tCafé derramado en la camisa -- _tUna carta a Joaquín -- _tLa raya en el corazón -- _tLos analfabetismos fundamentales -- _tRosa, Rosa, dame un gancho -- _tEl dominicano en peligro de asfixia moral -- _tLos poetas más allá de las trincheras o la política y la poesía-- _tNovela e indagación social -- _tLos enemigos de la tierra, de Requena -- _tLa Mañosa, de Bosch -- _tOver, de Marrero -- _gEpílogos -- _tCon perdón, el sexo -- _tLas ediciones -- _tCrónica del Sur -- _tEntre dos antes y un después -- _tEl otro lado del cañamazo -- _tGuía de escritores dominicanos mencionados. |
|
| 590 | _aInventariado, 2018 /LP | ||
| 650 | 4 |
_aLiteratura dominicana _xHistoria y crítica _ySiglo XX _922986 |
|
| 650 | 4 |
_aAutores dominicanos _xHistoria y crítica _ySiglo XX _923591 |
|
| 700 | 1 |
_aToribio, Daniel _9588 |
|
| 830 | 0 |
_aBibliófilos-BanReservas ; _n2 _937757 |
|
| 910 | _aValidado. Control de calidad BNPHU | ||
| 942 |
_2ddc _cLBS1 |
||
| 999 |
_c16670 _d16670 |
||